| 000 | 01029nam a2200217 4500 | ||
|---|---|---|---|
| 001 | 146107 | ||
| 003 | ES-MaACL | ||
| 005 | 20250323063045.0 | ||
| 007 | t| | ||
| 008 | 070731s1938 sp af |||| | spa d | ||
| 080 | _a821.134.2-2"19" | ||
| 100 | 1 |
_aTorrente Ballester, Gonzalo, _d1910-1999 _9110850 |
|
| 245 | 1 | 3 |
_aEl viaje del joven Tobías _b: milagro representable en siete coloquios / _cGonzalo Torrente Ballester ; ilustraciones de Juan Cabanas. |
| 260 |
_a[Bilbao] : _bJerarquía, _c1938 ( _fTypis Griielmi) |
||
| 300 |
_a271 p., [8] h. de lám. ; _c24 cm. |
||
| 595 | _aEdit. por la Delegación Nacional de Prensa y Propaganda de Falange Española Tradicionalista y de las Jons. | ||
| 700 | 1 |
_aCabanas, Juan ( _d1907-1979) _933127 |
|
| 710 | 2 |
_aMovimiento Nacional (España). _bDelegación Nacional de Prensa, Propaganda y Radio. _95783 |
|
| 852 | 4 |
_aES-MaACL _jA-4761 _z. - Dedicatoria manuscrita del autor a la Biblioteca del Ateneo _z. - Enc. hol.; conservando cub. originales. |
|
| 999 |
_c146107 _d146107 |
||